| 000 | 00674nam a2200217Ia 4500 | ||
|---|---|---|---|
| 001 | 16849 | ||
| 003 | GE_BSU | ||
| 008 | 181216s||||||||xx |||||||||||||| ||und|| | ||
| 040 | _cGE_BSU | ||
| 080 | _a821.353.1-7 | ||
| 100 | _aგოგიაშვილი, მ. | ||
| 245 | _aმკურნალი და სატირიკოსი | ||
| 245 | _cრედ.ბ.მირცხულავა | ||
| 260 | _aთბილისი | ||
| 260 | _bსახელგამი | ||
| 260 | _c1957 | ||
| 300 | _a218გვ. : ილ. ; 21სმ. | ||
| 653 | _aმკურნალი და სატირიკოსი | ||
| 653 | _aსატირა | ||
| 942 | _cBK | ||
| 999 |
_c49913 _d49913 |
||